000 00281nam a2200121Ia 4500
008 190216s9999||||xx |||||||||||||| ||und||
100 _aAllama Shibli Nu`Mani
245 0 _a"Surat-Un-Nabi Vol 1,2"
260 _bIslamic Book Service
300 _a260
650 _aArabic
942 _cBK
999 _c763
_d763